Posibilidades y desafíos de la familia en latinoamérica
Guardat en:
| Format: | Llibre |
|---|---|
| Idioma: | espanyol |
| Publicat: |
Buenos Aires
Educa
2009
|
| Edició: | 1a. ed |
| Matèries: | |
| Etiquetes: |
Afegir etiqueta
Sense etiquetes, Sigues el primer a etiquetar aquest registre!
|
MARC
| LEADER | 00000cam a2200000 a 4500 | ||
|---|---|---|---|
| 001 | UCF7664 | ||
| 003 | CL-VaPUC | ||
| 005 | 20240401121856.0 | ||
| 008 | 130704e20090000ag 1 spa d | ||
| 020 | |a 9789876200899 | ||
| 082 | 0 | 4 | |a 306.85 |b POS |2 21 |
| 245 | 1 | 0 | |a Posibilidades y desafíos de la familia en latinoamérica |
| 250 | |a 1a. ed | ||
| 260 | |a Buenos Aires |b Educa |c 2009 | ||
| 300 | |a 380 p | ||
| 583 | |a last modification |c 20190909 10:57:21 |k Rodrigo Vera | ||
| 650 | 0 | 0 | |a Familias |9 255641 |
| 650 | 0 | 7 | |a MATRIMONIO |2 CL-VaPUC |9 621994 |
| 650 | 0 | 0 | |a Educación sexual |9 308005 |
| 650 | 0 | 0 | |a Protección social |9 256186 |
| 942 | |c BK | ||
| 945 | |a cmena |d 20130704 00:00:00 | ||
| 546 | |a En Español | ||
| 536 | |a CELAM | ||
| 518 | |p Congreso Latinoamericano Posibilidades y Desafíos de la Familia en Latinoamérica, 1, México, junio 2008 | ||
| 999 | |c 384733 |d 384731 | ||
| 952 | |0 0 |1 0 |4 0 |6 306_850000000000000_POS_2009 |7 0 |8 A |9 507664 |a BIBGIM |b BIBGIM |d 2020-01-23 |i 4988159 |o 306.85 POS 2009 |p 4988159 |r 2025-01-15 |w 2020-01-23 |y BK |k SSL | ||